Linear algebra
Αποθηκεύτηκε σε:
| Κύριος συγγραφέας: | |
|---|---|
| Μορφή: | Βιβλίο |
| Γλώσσα: | English Russian |
| Δημοσίευση: |
Moscow :
Mir Publishers,
1983.
|
| Θέματα: | |
| Ετικέτες: |
Προσθήκη ετικέτας
Δεν υπάρχουν, Καταχωρήστε ετικέτα πρώτοι!
|
MARC
| LEADER | 00000cam a2200000 i 4500 | ||
|---|---|---|---|
| 001 | 1/97186 | ||
| 008 | 081112s1983 ru | ||| |||| ||eng|| | ||
| 035 | |l 10101618 | ||
| 040 | |a GR-MyUa |b gre |e AACR2 | ||
| 041 | 1 | |a eng |h rus | |
| 082 | 7 | |a 512.5 |2 (22) | |
| 100 | 1 | |a Voevodin, V. V. |q (Valentin Vasilevich) | |
| 245 | 1 | 0 | |a Linear algebra / |c V.V. Voyevodin ; translated from the Russian by Vladimir Shokurov. |
| 260 | |a Moscow : |b Mir Publishers, |c 1983. | ||
| 300 | |a 392 σ. ; |c 24 εκ. | ||
| 500 | |a Περιλαμβάνει ευρετήριο. | ||
| 505 | 8 | |a Μέρος 1ο Vector spaces -- μέρος 2ο Linear operators -- μέρος 3ο Bilinear forms. | |
| 650 | 0 | |a Algebras, Linear. | |
| 852 | |a INST |b SAMOS |c MAG |e 20081112 |h 512.5 VOY |p 005300029649 |q 005300029649 |t BK |y 0 | ||
| 901 | |a BIBL3-2008-3 | ||
| 970 | |a ΡΟΥΣΣΟΥ |b ΚΩΝΣΤΑΝΤΙΝΑ |z 2008/11/12 | ||